Swami Vivekananda's concepts of Indian classical music / (Record no. 56215)

MARC details
000 -LEADER
fixed length control field 00909nam a22002417a 4500
005 - DATE AND TIME OF LATEST TRANSACTION
control field 20110902123150.0
010 ## - LCCN (DPL NO)
LC control number G-001375
020 ## - INTERNATIONAL STANDARD BOOK NUMBER
International Standard Book Number 8189863096
Terms of availability 150.00
035 ## - SYSTEM CONTROL NUMBER
System control number G-001375
037 ## - SOURCE OF ACQUISITION
Source of stock number/acquisition Gift
082 ## - DEWEY DECIMAL CLASSIFICATION NUMBER
Classification number 781.754
100 ## - MAIN ENTRY--PERSONAL NAME
Personal name
245 ## - TITLE STATEMENT
Title Swami Vivekananda's concepts of Indian classical music /
Statement of responsibility, etc collected and compiled by Narendranath Dutta (and) Baishnab Charan Basak; translated by Paras Dutta
260 ## - PUBLICATION, DISTRIBUTION, ETC. (IMPRINT)
Place of publication, distribution, etc Kolkata
Name of publisher, distributor, etc Naya Udyog
Date of publication, distribution, etc 2008
270 ## - ADDRESS
Address 206, Bidhan Sarani,
City Kolkata
Postal code 700006
300 ## - PHYSICAL DESCRIPTION
Extent 58p.
Other physical details 22cm(Hb)
700 ## - ADDED ENTRY--PERSONAL NAME
Personal name Dutta, Narendranath
9 (RLIN) 34169
700 ## - ADDED ENTRY--PERSONAL NAME
Personal name Baishnab Charan Basak
9 (RLIN) 34170
700 ## - ADDED ENTRY--PERSONAL NAME
Personal name Dutta, Paras
9 (RLIN) 34171
942 ## - ADDED ENTRY ELEMENTS (KOHA)
Source of classification or shelving scheme Dewey Decimal Classification
Item type English Books
Classification part 781.754
Call number suffix VIV
Holdings
Withdrawn status Lost status Not for loan Collection code Home library Current library Date acquired Source of acquisition Cost, normal purchase price Full call number Barcode Copy number Cost, replacement price Koha item type
      Non-fiction Janak Puri Janak Puri 02/09/2011 gift 150.00 781.754 VIV G-001375 1 150.00 English Books

© Delhi Public Library
Hit Counter
free hit counter